| 000 | 01039nam a2200265Ia 4500 | ||
|---|---|---|---|
| 003 | AR-RoIUNI | ||
| 005 | 20210311114131.0 | ||
| 007 | ta | ||
| 008 | 150616s2010 ag r 000 0 spa d | ||
| 020 | _a9789507866012 | ||
| 040 | _cIUNIR | ||
| 080 | _a16 | ||
| 100 | 1 | _aDíaz, Esther. | |
| 245 | 1 | 0 |
_aEntre la tecnociencia y el deseo : _bla construcción de una epistemología ampliada / _cEsther Díaz. |
| 250 | _a2a. ed. | ||
| 260 |
_aBuenos Aires : _bBiblios, _cc2010. |
||
| 300 |
_a167 p. ; _c23 cm. |
||
| 490 | 0 | _aFilosofía | |
| 505 | 0 | _aI. ¿Qué es la epistemología? -- II. Primeros pasos históricos de la epistemología -- III. La verdad cuestionada y el devenir del sentido -- IV. Epistemología del caos y hermenéutica -- V. Para leer "Rizoma" -- VI. Ética de la investigación y epistemología del deseo -- Anexo. Conceptos fundamentales del pensamiento científico. | |
| 650 | 4 |
_aPSICOLOGÍA _9108 |
|
| 650 | 4 |
_aFILOSOFÍA _xENSAYOS |
|
| 650 | 4 |
_aEPISTEMOLOGÍA _9506 |
|
| 650 | 4 | _aINVESTIGACIÓN | |
| 942 |
_cBK _2cdu |
||
| 999 |
_c1856 _d1856 |
||